000 01154nji a22002657a 4500
005 20100910114848.0
006 a|||||r|||||00| 0
007 sd ammalaaahaa
008 100830t xxu||||| |||| 00| 0 eng d
028 _aN 55640
_bHis Master's Voice
035 _aGR-01832
040 _aSED
_cSED
100 _917455
_aMohd. Rafi
245 _aMere hamdam mere dost /
_cby Mohd. Rafi ; music by Laxmikant Pyarelal ; lyrics by Majrooh
_h[sound recording] :
246 _aमेरे हमदम मेरे दोस्त
260 _aDum Dum, India
_bHis Master's Voice
300 _a1 sound disc [Gramophone Recording]:
_banalog, 33 1/3 rpm
_c9.5 in. (MP)
_fGramophone Record
500 _aBrief Record
505 _aSide-1 न जा कही अब न जा (na ja kahi ab na ja) (Mohd. Rafi) --Side-२ चलो सजना यहाँ तक (Chalo sajna yahan tak) (Lata Mangeshkar)
650 _aMotion Picture music
_zIndia
_91186
_xExcerpts
700 _917416
_aPyarelal, Laxmikant
700 _917456
_aMajrooh
942 _2ddc
_cGR
999 _c45032
_d45032